书目信息 |
| 题名: |
手风琴曲选 第六集
|
|
| 作者: | 孟荣升 编 | |
| 分册: | ||
| 出版信息: | 北京 人民音乐出版社 1983 |
|
| 页数: | 67页 | |
| 开本: | 26cm | |
| 丛书名: | ||
| 单 册: | ||
| 中图分类: | J657.43 | |
| 科图分类: | ||
| 主题词: | 外国音乐--作品 , 音乐--各国--作品 | |
| 电子资源: | ||
| ISBN: | ||
| 000 | 00578nam0 2200205 45 | |
| 001 | 0312221749 | |
| 005 | 20031222171158.2 | |
| 010 | @dCNY1.05 | |
| 100 | @a20031222d1983 km y0chiy0120 ea | |
| 101 | @achi | |
| 105 | @a z 000yy | |
| 200 | 1 | @a手风琴曲选 第六集@AShou Feng Qin Qu Xuan Di Liu Ji@f孟荣升编@FMeng Rong Sheng Bian |
| 210 | @a北京@c人民音乐出版社@d1983 | |
| 215 | @a67页@d26cm | |
| 606 | 0 | @a外国音乐@x作品 |
| 606 | 0 | @a音乐@y各国@x作品 |
| 690 | @aJ657.43@v3 | |
| 701 | 0 | @a孟荣升@4编 |
| 801 | @aCN@bTSTCL@c20031222 | |
| 905 | @a213230@dJ657.43@e148:6@b219444@f1 | |
| 手风琴曲选 第六集/孟荣升编.-北京:人民音乐出版社,1983 |
| 67页;26cm |
| ISBN :CNY1.05 |
| ● |
| 相关链接 |
|
|
|
|
正题名:手风琴曲选 第六集
索取号:J657.43/148:6
 
预约/预借
| 序号 | 登录号 | 条形码 | 馆藏地/架位号 | 状态 | 备注 |
| 1 | 0219444 | 001225187 | 第一样本阅览室/ [索取号:J657.43/148:6] | 在馆 |